000 00599nam a2200241Ia 4500
003 OSt
005 20221007105106.0
006 a|||||r|||| 00| 0
007 ta
008 221006b |||||||| |||| 00| 0 eng d
024 _a17,605
037 _cTextual
040 _aLCO
_cLCO
_beng
041 _2eng
_aeng
082 _aZ2,345, K6
100 _aFridman G.H.L
245 0 _aSale of Goods
260 _aLondon
_bSweet & Maxwell UK
_c1966
300 _a347
650 _aSALE OF GOODS
_9461698
942 _hZ2,345, K6
_cTEXL
999 _c1187168
_d1187168